Historia de la provincia de Santiago de México Orden de Predicadores en la Nueva España

Detalles Bibliográficos
Autor principal: Franco y Ortega, Alonso m. 1616
Formato: Libro
Lenguaje:Spanish
Publicado: México 1900
Materias:
Colección:Banco de datos
Acervo:Biblioteca de la Congregación del Oratorio de San Felipe Neri de México. Iglesia La Profesa
Descripción Física:t. 32 cm.
Tema general:Historia eclesiástica
Notas:Encuadernación en keratol con lomo en piel. Ex libris manuscrito en la guarda anaterior: "Al M. R. P. Fr. de Manuel Rodríguez, preposito de la Congragacion del Oratorio de Sn. Felipe Neri en el XXV comisario de su primera misa. Testimonio de cariño y respeto M. de las Casas. México 6 de octub. 1912". Sello en tinta del Oratorio de San Felipe Neri de México. Biblioteca La Profesa, D.F.
LEADER 01328nam a22001810004500
035 |a 2824 
041 0 |a spa 
100 1 |a Franco y Ortega, Alonso  |d m. 1616 
245 1 0 |a Historia de la provincia de Santiago de México Orden de Predicadores en la Nueva España  |c por el Padre Fr. Alonso Franco predicador general del Real Convento de Santo Domingo de la insigne ciudad de México, hijo del dicho convento, y natural de la misma ciudad mexicana. Año de 1645 en México ; publicada en 1900 por cuenta del Supremo Gobierno á solicitud del R. P. Fr. Secundino Martínez  
260 |a México  |b imprenta del Museo Nacional  |c 1900 
300 |a  t.  |c 32 cm. 
500 |a Encuadernación en keratol con lomo en piel. Ex libris manuscrito en la guarda anaterior: "Al M. R. P. Fr. de Manuel Rodríguez, preposito de la Congragacion del Oratorio de Sn. Felipe Neri en el XXV comisario de su primera misa. Testimonio de cariño y respeto M. de las Casas. México 6 de octub. 1912". Sello en tinta del Oratorio de San Felipe Neri de México. Biblioteca La Profesa, D.F. 
504 |a Índice de capítulos 
650 1 0 |a Historia eclesiástica 
949 |a Iglesia La Profesa, Biblioteca t. 2 (5772) 
942 |c PROFESA 
943 |g Biblioteca de la Congregación del Oratorio de San Felipe Neri de México. Iglesia La Profesa 
999 |c 949635  |d 949635